[Event "6tth ch-EUR IBCA 2015"]
[Site "Lyon FRA"]
[Date "2015.07.25"]
[Round "1.1"]
[White "Tonteri, Ari"]
[Black "Tazbir, Marcin"]
[Result "0-1"]
[BlackTitle "GM"]
[WhiteElo "1938"]
[BlackElo "2516"]
[WhiteFideId "503479"]
[BlackFideId "1122452"]
[EventDate "2015.07.25"]

1. e4 c5 2. Nf3 d6 3. d4 cxd4 4. Nxd4 Nf6 5. Nc3 a6 6. Bg5 e6 7. f4 h6 8. Bh4
Be7 9. Qf3 Qc7 10. O-O-O Nbd7 11. Bd3 g5 12. fxg5 Ne5 13. Qe2 Nfg4 14. h3 hxg5
15. Bg3 Nf6 16. Nf3 Nh5 17. Bh2 Nf4 18. Bxf4 gxf4 19. h4 b5 20. Rdf1 b4 21. Nd1
Nxd3+ 22. Qxd3 e5 23. Nf2 Be6 24. Qd2 Bxa2 25. Qxb4 Bc4 26. Re1 Rc8 27. Qa4+ Bb5
28. Qb3 Qc6 29. Kb1 Ba4 30. Qc3 Qb7 31. Qa5 Bxc2+ 32. Ka1 Rc4 0-1

[Event "6tth ch-EUR IBCA 2015"]
[Site "Lyon FRA"]
[Date "2015.07.25"]
[Round "1.2"]
[White "Babarykin, Stanislav"]
[Black "Bindzus, Ernst"]
[Result "1-0"]
[WhiteTitle "FM"]
[WhiteElo "2357"]
[BlackElo "1890"]
[WhiteFideId "4101898"]
[BlackFideId "1411950"]
[EventDate "2015.07.25"]

1. d4 f5 2. Nc3 Nf6 3. Bg5 d5 4. f3 e6 5. e4 Be7 6. exf5 exf5 7. Bd3 Nc6 8. Nge2
Nb4 9. Nf4 c6 10. Be2 b5 11. a4 bxa4 12. Nxa4 a5 13. c3 Na6 14. Nd3 O-O 15. O-O
Nd7 16. Bxe7 Qxe7 17. Qd2 f4 18. g3 Qg5 19. Nxf4 Nf6 20. Nb6 Nh5 21. Nxa8 Rxf4
22. Rf2 Bh3 23. Bf1 Nxg3 24. hxg3 Qxg3+ 25. Bg2 Nb8 26. Re1 Nd7 27. Nc7 Nf6 28.
Ne6 Rh4 29. Qg5 1-0

[Event "6tth ch-EUR IBCA 2015"]
[Site "Lyon FRA"]
[Date "2015.07.25"]
[Round "1.3"]
[White "Wikman, Bengt"]
[Black "Meshkov, Yuri A."]
[Result "0-1"]
[BlackTitle "IM"]
[WhiteElo "1886"]
[BlackElo "2349"]
[WhiteFideId "503681"]
[BlackFideId "4107101"]
[EventDate "2015.07.25"]

1. e4 c5 2. Nf3 g6 3. d4 cxd4 4. Nxd4 Bg7 5. Bc4 Qa5+ 6. c3 Nf6 7. Qe2 Nc6 8.
O-O O-O 9. Nd2 Nxd4 10. cxd4 d5 11. Nb3 Qd8 12. exd5 a5 13. Re1 a4 14. Nc5 b6
15. Nd3 Nxd5 16. Ne5 Bb7 17. b3 b5 18. Bxb5 axb3 19. a4 Nc3 20. Qb2 Qd5 21. Nf3
Nxb5 22. axb5 e6 23. Rb1 Qf5 24. Qxb3 Bd5 25. Qb4 Rfc8 26. Be3 Rc2 27. b6 Bf8
28. Qb5 Rb8 29. Qa6 Bxf3 30. gxf3 Qxf3 31. Rec1 Qg4+ 32. Kf1 Qh3+ 33. Ke1 Rxc1+
34. Bxc1 Qxh2 35. b7 Qh1+ 36. Kd2 Bh6+ 37. Kc2 Qe4+ 38. Qd3 Qxd3+ 39. Kxd3 Bxc1
40. Rxc1 Rxb7 41. Ke4 Rb5 42. f4 h6 43. Kf3 Kg7 44. Rd1 f5 45. Rg1 Rb3+ 46. Ke2
Rh3 47. Rg2 Kf6 48. Rg1 g5 49. Rf1 g4 50. Rf2 h5 51. Rf1 h4 52. Rf2 Rh1 0-1

[Event "6tth ch-EUR IBCA 2015"]
[Site "Lyon FRA"]
[Date "2015.07.25"]
[Round "1.4"]
[White "Pakhomov, Alexey"]
[Black "Hilton, Stephen H"]
[Result "1-0"]
[WhiteTitle "IM"]
[WhiteElo "2346"]
[BlackElo "1880"]
[WhiteFideId "4129016"]
[BlackFideId "415030"]
[EventDate "2015.07.25"]

1. d4 Nf6 2. Bg5 c5 3. Bxf6 gxf6 4. d5 d6 5. Nf3 Bh6 6. c4 Qb6 7. Qc2 Na6 8. Nc3
Nb4 9. Qd1 Bd7 10. a3 Na6 11. Rb1 Qa5 12. e3 Rg8 13. Qc2 Rg7 14. g3 Nc7 15. Bd3
O-O-O 16. O-O e6 17. b4 cxb4 18. axb4 Qb6 19. Ne4 exd5 20. c5 dxc5 21. bxc5 Qe6
22. Nd6+ 1-0

[Event "6tth ch-EUR IBCA 2015"]
[Site "Lyon FRA"]
[Date "2015.07.25"]
[Round "1.5"]
[White "Holmela, Kari"]
[Black "Dimic, Pavle"]
[Result "0-1"]
[BlackTitle "FM"]
[WhiteElo "1871"]
[BlackElo "2305"]
[WhiteFideId "505528"]
[BlackFideId "937428"]
[EventDate "2015.07.25"]

1. d4 Nf6 2. Nc3 d5 3. Bg5 Nbd7 4. Nf3 g6 5. e3 Bg7 6. Bd3 O-O 7. e4 dxe4 8.
Nxe4 Nxe4 9. Bxe4 c5 10. O-O cxd4 11. Re1 Nf6 12. Bd3 Be6 13. Qd2 Qd5 14. Bh6
Qd6 15. Bf4 Qb6 16. Ng5 Bd5 17. Rxe7 Qxb2 18. Qc1 Qxc1+ 19. Rxc1 Rfe8 20. Rxe8+
Rxe8 21. a3 a6 22. Nh3 Nd7 23. f3 Nc5 24. Nf2 f5 25. Kf1 Bf8 26. Ra1 b5 27. Bd2
Rc8 28. Bb4 Nxd3 29. cxd3 Bh6 30. Bd6 Rc6 31. Bb4 Bf4 32. h3 Kf7 33. Be1 Rc1 34.
Rxc1 Bxc1 35. Bb4 Ke6 36. Ke2 Bb3 37. g4 a5 38. Bxa5 Bxa3 39. Kd2 Ba4 40. Bb6
Ke5 41. Bc7+ Kd5 42. Bd8 Bd6 43. Kc1 Bf4+ 44. Kb1 Be3 0-1

[Event "6tth ch-EUR IBCA 2015"]
[Site "Lyon FRA"]
[Date "2015.07.25"]
[Round "1.6"]
[White "Wassin, Sergej"]
[Black "Deville, Olivier"]
[Result "1-0"]
[WhiteTitle "FM"]
[WhiteElo "2298"]
[BlackElo "1868"]
[WhiteFideId "14103494"]
[BlackFideId "624160"]
[EventDate "2015.07.25"]

1. d4 Nf6 2. c4 e6 3. g3 Bb4+ 4. Nd2 O-O 5. Nf3 Qe7 6. Bg2 d6 7. O-O Bxd2 8.
Bxd2 e5 9. dxe5 dxe5 10. Bc3 Nc6 11. Qc2 Bg4 12. Rad1 Rad8 13. h3 Bh5 14. Nh4
Qc5 15. g4 Bg6 16. Nxg6 hxg6 17. b3 Nd4 18. Qb2 Nh7 19. e3 Nc6 20. Rd5 Qe7 21.
Rfd1 f6 22. Qc2 g5 23. Be4 g6 24. Bxg6 Kh8 25. Qf5 1-0

[Event "6tth ch-EUR IBCA 2015"]
[Site "Lyon FRA"]
[Date "2015.07.25"]
[Round "1.7"]
[White "Gasperoni, Claudio"]
[Black "Grigorchuk, Sergey"]
[Result "0-1"]
[BlackTitle "CM"]
[WhiteElo "1867"]
[BlackElo "2295"]
[WhiteFideId "825450"]
[BlackFideId "14114879"]
[EventDate "2015.07.25"]

1. d4 e6 2. Nf3 Nf6 3. e3 c5 4. c4 d5 5. Bd3 a6 6. O-O dxc4 7. Bxc4 b5 8. Bd3
Bb7 9. Nbd2 Nc6 10. b3 cxd4 11. exd4 Nxd4 12. Bb2 Nxf3+ 13. Nxf3 Be7 14. Qe2 O-O
15. Rfd1 0-1

[Event "6tth ch-EUR IBCA 2015"]
[Site "Lyon FRA"]
[Date "2015.07.25"]
[Round "1.8"]
[White "Mueller, Oliver"]
[Black "Klimis, Laertis"]
[Result "1-0"]
[WhiteTitle "FM"]
[WhiteElo "2269"]
[BlackElo "1864"]
[WhiteFideId "4633385"]
[BlackFideId "4206983"]
[EventDate "2015.07.25"]

1. d4 Nf6 2. c4 e6 3. Nf3 Bb4+ 4. Bd2 c5 5. Bxb4 cxb4 6. Nbd2 O-O 7. e3 d6 8.
Bd3 Nbd7 9. O-O b6 10. Qe2 Bb7 11. a3 bxa3 12. Rxa3 a5 13. Rfa1 Qc7 14. Rc3 h6
15. Ne4 Rac8 16. h3 Nxe4 17. Bxe4 f5 18. Bxb7 Qxb7 19. d5 e5 20. Nh4 e4 21. Ng6
Rfe8 22. Rb1 Nc5 23. b4 axb4 24. Rxb4 Ra8 25. Rb1 Ra6 26. Qd1 Qf7 27. Nf4 Rea8
28. Rc2 Nd7 29. Ne6 Ra3 30. Rcb2 Rc8 31. Rb3 Ra4 32. Rb4 Rxb4 33. Rxb4 Ra8 34.
Ra4 Rxa4 35. Qxa4 Qe8 36. Qc6 Qe7 37. Qc7 Kf7 38. Nd8+ Ke8 39. Nc6 1-0

[Event "6tth ch-EUR IBCA 2015"]
[Site "Lyon FRA"]
[Date "2015.07.25"]
[Round "1.9"]
[White "Morariu, Ionel"]
[Black "Stachanczyk, Jacek"]
[Result "0-1"]
[BlackTitle "FM"]
[WhiteElo "1863"]
[BlackElo "2259"]
[WhiteFideId "1220713"]
[BlackFideId "1116657"]
[EventDate "2015.07.25"]

1. d4 d5 2. Nf3 Nf6 3. Bf4 c5 4. e3 Nc6 5. c3 Qb6 6. Qb3 c4 7. Qc2 Bf5 8. Qc1 e6
9. Nbd2 h6 10. h3 Be7 11. Be2 O-O 12. O-O Qd8 13. b3 b5 14. a4 a6 15. Qb2 Qd7
16. axb5 axb5 17. b4 Qb7 18. Rxa8 Rxa8 19. Ra1 Ra7 20. Rxa7 Qxa7 21. Ne1 Qa4 22.
f3 Nxb4 23. e4 dxe4 24. fxe4 Nxe4 25. Nxe4 Nd5 26. Bxc4 Nxf4 27. Bb3 Qa8 28. Ng3
Bg6 29. Ne2 Qe4 30. Kf2 Bh4+ 31. Kf1 Nxg2 32. Nxg2 Qf3+ 33. Kg1 Qf2+ 34. Kh1 Be4 0-1

[Event "6tth ch-EUR IBCA 2015"]
[Site "Lyon FRA"]
[Date "2015.07.25"]
[Round "1.10"]
[White "Dukaczewski, Piotr"]
[Black "Martinez Colomar, Alejandro"]
[Result "1-0"]
[WhiteTitle "IM"]
[WhiteElo "2237"]
[BlackElo "1853"]
[WhiteFideId "1103520"]
[BlackFideId "32031491"]
[EventDate "2015.07.25"]

1. Nf3 Nf6 2. c4 g6 3. Nc3 Bg7 4. e4 d6 5. d4 O-O 6. Be2 Nbd7 7. O-O e5 8. Re1
h6 9. d5 Ne8 10. g3 f5 11. exf5 gxf5 12. Nh4 Rf6 13. Qc2 Nf8 14. Bd3 Qd7 15. c5
Ng6 16. c6 bxc6 17. dxc6 Qf7 18. Nd5 Nxh4 19. Nxf6+ Bxf6 20. gxh4 Qh5 21. Qc4+
Kg7 22. Be2 Qxh4 23. Qxh4 Bxh4 24. Bd2 Bg5 25. f4 Bh4 26. fxe5 Bxe1 27. Rxe1
dxe5 28. Bc3 Nd6 29. Bxe5+ Kg6 30. Bxd6 cxd6 31. Bc4 Rb8 32. Re8 Rb4 33. b3 d5
34. a3 dxc4 35. axb4 cxb3 36. Re3 b2 37. Rb3 Be6 38. Rxb2 h5 39. Rd2 1-0

[Event "6tth ch-EUR IBCA 2015"]
[Site "Lyon FRA"]
[Date "2015.07.25"]
[Round "1.11"]
[White "Lapadatu, Teodor"]
[Black "Zsiltzova-Lisenko, Lubov"]
[Result "0-1"]
[BlackTitle "WIM"]
[WhiteElo "1846"]
[BlackElo "2224"]
[WhiteFideId "1212508"]
[BlackFideId "14101360"]
[EventDate "2015.07.25"]

1. Nf3 c5 2. g3 Nc6 3. Bg2 g6 4. O-O Nf6 5. c3 Bg7 6. d4 cxd4 7. Nxd4 O-O 8. Bg5
h6 9. Bxf6 Bxf6 10. e3 Qc7 11. Nd2 d6 12. Rc1 Bd7 13. Re1 Qc8 14. Qc2 Bh3 15.
Nxc6 bxc6 16. Bxh3 Qxh3 17. e4 h5 18. Nf3 h4 19. e5 dxe5 20. Nxe5 hxg3 21. fxg3
Bxe5 22. Rxe5 e6 23. Rce1 Rad8 24. Qf2 Rd7 25. R5e4 Rfd8 26. Rh4 Qf5 27. Qxf5
gxf5 28. Kf2 Kg7 29. Rc4 Rd6 30. g4 fxg4 31. Rxg4+ Kf6 32. Rf4+ Ke7 33. Rfe4 Rh8
34. h4 f5 35. Ra4 Kf6 36. Ke3 e5 37. Rh1 Rhd8 38. Re1 Rd3+ 0-1

[Event "6tth ch-EUR IBCA 2015"]
[Site "Lyon FRA"]
[Date "2015.07.25"]
[Round "1.12"]
[White "Spinu, Evgeny"]
[Black "Prpic, Milan"]
[Result "1-0"]
[WhiteTitle "FM"]
[WhiteElo "2210"]
[BlackElo "1839"]
[WhiteFideId "13902784"]
[BlackFideId "14521270"]
[EventDate "2015.07.25"]

1. e4 c5 2. c3 Nf6 3. e5 Nd5 4. Nf3 d6 5. d4 cxd4 6. cxd4 Nc6 7. Bc4 Nb6 8. Bb5
d5 9. O-O Bg4 10. h3 Bh5 11. e6 f6 12. Nc3 g5 13. a4 a6 14. Be2 Qd6 15. a5 Nc4
16. Bxc4 dxc4 17. d5 Bxf3 18. Qxf3 Ne5 19. Qh5+ Kd8 20. f4 gxf4 21. Bxf4 Qc5+
22. Kh2 Nd3 23. Qe2 h5 24. Be3 Qb4 25. Bb6+ Kc8 26. Ra4 Qd6+ 27. Kh1 Ne5 28. Bd4
b6 29. axb6 Kb7 30. Rfa1 Bh6 31. b3 Rhc8 32. bxc4 Bf4 33. c5 Qd8 34. Rxa6 1-0

[Event "6tth ch-EUR IBCA 2015"]
[Site "Lyon FRA"]
[Date "2015.07.25"]
[Round "1.13"]
[White "Dalschaert, Didier"]
[Black "Kasimov, Rustam"]
[Result "1-0"]
[WhiteElo "1836"]
[BlackElo "2196"]
[WhiteFideId "214019"]
[BlackFideId "4194071"]
[EventDate "2015.07.25"]

1. e4 d5 2. exd5 Qxd5 3. Nc3 Qd6 4. d4 Nf6 5. Nf3 a6 6. Be2 Nc6 7. h3 Bf5 8. Be3
O-O-O 9. a3 e5 10. dxe5 Nxe5 11. Nd4 Bg6 12. O-O Nc6 13. Bg4+ Nxg4 14. Qxg4+ Kb8
15. Rad1 Be7 16. Nf5 Bxf5 17. Qxf5 Qf6 18. Rxd8+ Bxd8 19. Qc5 Be7 20. Qc4 Rd8
21. b4 Ne5 22. Qb3 Qc6 23. b5 axb5 24. Nxb5 Bc5 25. Bf4 f6 26. Rb1 Bb6 27. a4 g5
28. Bg3 Nc4 29. Qa2 Ba5 30. c3 f5 31. Nd4 Qd5 32. Rb5 Qg8 33. Nc6+ Kc8 34. Ne7+ 1-0

[Event "6tth ch-EUR IBCA 2015"]
[Site "Lyon FRA"]
[Date "2015.07.25"]
[Round "1.14"]
[White "Komissarov, Alexey"]
[Black "Carapit, Vasile"]
[Result "1-0"]
[WhiteElo "2191"]
[BlackElo "1768"]
[WhiteFideId "4176545"]
[BlackFideId "1215140"]
[EventDate "2015.07.25"]

1. e4 e6 2. d4 d5 3. Nc3 Nf6 4. Bg5 Be7 5. e5 Nfd7 6. h4 a6 7. Qg4 Bxg5 8. hxg5
c5 9. g6 h6 10. gxf7+ Kxf7 11. O-O-O cxd4 12. Nxd5 Nc6 13. Nf3 Re8 14. Nf4 Qc7
15. Bd3 Nf8 16. Nh5 Kg8 17. Nf6+ Kh8 18. Rxh6+ 1-0

[Event "6tth ch-EUR IBCA 2015"]
[Site "Lyon FRA"]
[Date "2015.07.25"]
[Round "1.15"]
[White "Steinhart, Matthias"]
[Black "Ross, Chris N"]
[Result "0-1"]
[BlackTitle "CM"]
[WhiteElo "1768"]
[BlackElo "2184"]
[WhiteFideId "24615340"]
[BlackFideId "410411"]
[EventDate "2015.07.25"]

1. e4 c5 2. Nf3 e6 3. d4 cxd4 4. Nxd4 a6 5. Bd3 Bc5 6. Nb3 Be7 7. O-O d6 8. Be3
Nf6 9. c4 Nbd7 10. Nc3 b6 11. f4 Bb7 12. a4 Rb8 13. a5 bxa5 14. Nxa5 Ba8 15. Qe2
Qc7 16. c5 Nxc5 17. Bxa6 Nxa6 18. Qxa6 O-O 19. Nb5 Qd7 20. Nc3 Nxe4 21. Na4 Nc5
22. Bxc5 dxc5 23. Rfd1 Qc7 24. Rd2 Qxf4 25. Rd7 Bf6 26. Nc4 Bd4+ 27. Kh1 Qf2 0-1

[Event "6tth ch-EUR IBCA 2015"]
[Site "Lyon FRA"]
[Date "2015.07.25"]
[Round "1.16"]
[White "Fernandez Manrique, Agustin"]
[Black "Schmeisser, Andre"]
[Result "1-0"]
[WhiteElo "2183"]
[BlackElo "1740"]
[WhiteFideId "2231000"]
[BlackFideId "634107"]
[EventDate "2015.07.25"]

1. c4 Nf6 2. Nc3 c5 3. g3 e6 4. Nf3 b6 5. Bg2 Bb7 6. O-O Be7 7. Re1 d6 8. e4 O-O
9. d4 cxd4 10. Nxd4 Nbd7 11. f4 a6 12. Be3 Qc7 13. Rc1 Rad8 14. Nd5 exd5 15.
cxd5 Qb8 16. Nc6 Bxc6 17. dxc6 Nc5 18. c7 Qxc7 19. b4 Qc8 20. Qe2 Qe6 21. bxc5
dxc5 22. f5 Qe5 23. Bf4 Qd4+ 24. Kh1 h5 25. h3 g6 26. Qxa6 Ra8 27. Qb7 Bd6 28.
e5 1-0

[Event "6tth ch-EUR IBCA 2015"]
[Site "Lyon FRA"]
[Date "2015.07.25"]
[Round "1.17"]
[White "Murgia, Stefano"]
[Black "Nizam, Rasim"]
[Result "0-1"]
[BlackTitle "IM"]
[WhiteElo "1705"]
[BlackElo "2180"]
[WhiteFideId "876011"]
[BlackFideId "2906708"]
[EventDate "2015.07.25"]

1. e4 e6 2. d4 d5 3. Nc3 Bb4 4. a3 Bxc3+ 5. bxc3 dxe4 6. Qg4 Nf6 7. Qxg7 Rg8 8.
Qh6 c5 9. Ne2 Nc6 10. Bb2 cxd4 11. O-O-O Ng4 12. Qf4 e5 13. Qg3 Nh6 14. cxd4
Rxg3 15. hxg3 Bf5 16. d5 Na5 17. Bxe5 Ng4 0-1

[Event "6tth ch-EUR IBCA 2015"]
[Site "Lyon FRA"]
[Date "2015.07.25"]
[Round "1.18"]
[White "Cajzler, Hinko"]
[Black "Platon, Constantin"]
[Result "1-0"]
[WhiteElo "2135"]
[BlackElo "1701"]
[WhiteFideId "14501376"]
[BlackFideId "13904264"]
[EventDate "2015.07.25"]

1. e4 d6 2. d4 Nf6 3. Nc3 c6 4. f4 a6 5. a4 Bg4 6. Nf3 e6 7. Be2 Bxf3 8. Bxf3 d5
9. e5 Nfd7 10. Ne2 c5 11. c3 Nc6 12. O-O Rc8 13. Kh1 Be7 14. f5 cxd4 15. cxd4
Qb6 16. fxe6 fxe6 17. Bh5+ Kd8 18. Bg4 Nf8 19. Bd2 Kd7 20. a5 Qd8 21. Qb3 Rc7
22. Qxd5+ Kc8 23. Bxe6+ Nxe6 24. Qxe6+ Kb8 25. d5 Na7 26. d6 Rc8 27. Qxe7 1-0

[Event "6tth ch-EUR IBCA 2015"]
[Site "Lyon FRA"]
[Date "2015.07.25"]
[Round "1.19"]
[White "Siret, Bernard"]
[Black "Mueller, Thorsten"]
[Result "0-1"]
[WhiteElo "1698"]
[BlackElo "2133"]
[WhiteFideId "20618948"]
[BlackFideId "4653319"]
[EventDate "2015.07.25"]

1. e4 e6 2. d4 d5 3. Be3 Nf6 4. e5 Nfd7 5. f4 c5 6. c3 Nc6 7. Nf3 cxd4 8. Bxd4
Bc5 9. Nbd2 Bxd4 10. Nxd4 Nxd4 11. cxd4 Qb6 12. Nb3 a5 13. a4 Qb4+ 14. Kf2 O-O
15. Ra3 f6 16. g3 fxe5 17. dxe5 Nxe5 18. Nd4 Ng4+ 19. Kg2 e5 20. h3 exd4 21.
hxg4 Bxg4 22. Qd3 Bf5 0-1

[Event "6tth ch-EUR IBCA 2015"]
[Site "Lyon FRA"]
[Date "2015.07.25"]
[Round "1.20"]
[White "Draghici Flutur, Gavril"]
[Black "Cizman, Gregor"]
[Result "1-0"]
[WhiteElo "2125"]
[BlackElo "1618"]
[WhiteFideId "1206508"]
[BlackFideId "14605660"]
[EventDate "2015.07.25"]

1. e4 c6 2. d4 d5 3. e5 Bf5 4. h4 h5 5. Bg5 Qb6 6. Bd3 Bxd3 7. Qxd3 Qxb2 8. e6
f6 9. Bd2 Na6 10. Ne2 Nh6 11. Ba5 b6 12. Bc3 Qb5 13. Qg6+ Kd8 14. a4 Qc4 15. Nd2 1-0

[Event "6tth ch-EUR IBCA 2015"]
[Site "Lyon FRA"]
[Date "2015.07.25"]
[Round "1.21"]
[White "Drazetic, Novica"]
[Black "Jandric, Damjan"]
[Result "0-1"]
[BlackTitle "CM"]
[WhiteElo "1613"]
[BlackElo "2122"]
[WhiteFideId "14529483"]
[BlackFideId "921475"]
[EventDate "2015.07.25"]

1. e4 c5 2. c3 d5 3. exd5 Qxd5 4. d4 Nf6 5. Nf3 Bg4 6. Be2 e6 7. h3 Bh5 8. O-O
Nc6 9. Be3 cxd4 10. cxd4 Bd6 11. Nc3 Qa5 12. a3 O-O 13. b4 Qd8 14. Qb3 h6 15.
Rad1 Ne7 16. g4 Bg6 17. Ne5 Bh7 18. Bf3 Qb8 19. g5 hxg5 20. Bxg5 Bxe5 21. dxe5
Qxe5 22. Bxf6 Qxf6 23. Bxb7 Rab8 24. Bg2 Nf5 25. Ne4 Qe7 26. Rfe1 Nh4 27. Qg3
Nxg2 28. Qxg2 Rb5 29. Re3 a5 30. bxa5 Rxa5 31. Rd7 Qh4 32. Qg3 Qh6 33. Kh2 f5
34. Qg5 fxe4 35. Qxa5 Rxf2+ 36. Kg1 Qxe3 37. Rd8+ Rf8+ 38. Kh2 Bf5 39. Rxf8+
Kxf8 40. Qd8+ Kf7 41. Qd7+ Kg6 42. Qe8+ Kh6 43. Qh8+ Kg6 44. Qe8+ Kg5 45. Qe7+
Kf4 46. Qd6+ Kf3 47. Qg3+ Ke2 48. Qxe3+ Kxe3 0-1

[Event "6tth ch-EUR IBCA 2015"]
[Site "Lyon FRA"]
[Date "2015.07.25"]
[Round "1.22"]
[White "Pribeanu, Mihail-Dacian"]
[Black "Nedu, Razvan"]
[Result "1-0"]
[WhiteTitle "FM"]
[WhiteElo "2120"]
[BlackElo "1551"]
[WhiteFideId "1209094"]
[BlackFideId "1246119"]
[EventDate "2015.07.25"]

1. e4 c5 2. Nf3 d6 3. d4 cxd4 4. Nxd4 Nf6 5. Nc3 a6 6. f3 e5 7. Nb3 Be7 8. Be3
Nc6 9. Qd2 Be6 10. O-O-O Bxb3 11. cxb3 O-O 12. g4 Rc8 13. Kb1 b5 14. g5 Nh5 15.
Bh3 Rb8 16. Nd5 Re8 17. Nxe7+ Nxe7 18. Qxd6 Ng6 19. Qc6 Qe7 20. Rd7 Qf8 21. Bc5
Rec8 22. Rc7 Rxc7 23. Qxc7 Qd8 1-0

[Event "6tth ch-EUR IBCA 2015"]
[Site "Lyon FRA"]
[Date "2015.07.25"]
[Round "1.23"]
[White "Megelas, Florent"]
[Black "Riegler, Dieter"]
[Result "0-1"]
[WhiteElo "1504"]
[BlackElo "2095"]
[WhiteFideId "642797"]
[BlackFideId "4606426"]
[EventDate "2015.07.25"]

1. e4 c5 2. Nf3 d6 3. d4 cxd4 4. Nxd4 Nf6 5. Nc3 Nc6 6. Be3 e5 7. Nf3 h6 8. h3
Be6 9. Bb5 a6 10. Ba4 b5 11. Bb3 Na5 12. Nd2 Be7 13. a3 Nxb3 14. Nxb3 Rc8 15.
O-O Qc7 16. Rc1 O-O 17. Qf3 Kh7 18. Qe2 Rb8 19. Qf3 a5 20. Nd5 Nxd5 21. exd5 Bd7
22. Nd2 f5 23. Qe2 f4 24. Bxf4 Rxf4 25. Nf3 Qc4 26. Qd2 b4 27. axb4 Qxb4 28. b3
Qxd2 29. Nxd2 a4 30. bxa4 Bxa4 31. f3 Rb2 32. Nb3 Bxb3 33. cxb3 Rxb3 34. Rcd1
Bd8 35. Kh1 Bb6 36. Rb1 Rxb1 37. Rxb1 Bc5 38. Rd1 Kg6 39. Kh2 Kf5 40. g4+ Kf6
41. Kg3 Rb4 42. h4 Be3 43. h5 Bf4+ 44. Kg2 Rd4 45. Rxd4 exd4 46. Kf1 d3 47. Ke1
Ke5 48. Kd1 Kd4 0-1

[Event "6tth ch-EUR IBCA 2015"]
[Site "Lyon FRA"]
[Date "2015.07.25"]
[Round "1.24"]
[White "Schellmann, Frank"]
[Black "Dietsche, Birgit"]
[Result "1-0"]
[WhiteTitle "CM"]
[WhiteElo "2093"]
[BlackElo "1487"]
[WhiteFideId "4669916"]
[BlackFideId "4637488"]
[EventDate "2015.07.25"]

1. e4 e5 2. Bc4 Nf6 3. d3 Nc6 4. Nf3 h6 5. O-O Bc5 6. c3 d5 7. exd5 Nxd5 8. Qb3
Be6 9. Qxb7 Na5 10. Qb5+ c6 11. Qxc5 1-0

[Event "6tth ch-EUR IBCA 2015"]
[Site "Lyon FRA"]
[Date "2015.07.25"]
[Round "1.25"]
[White "Bremer, Erik"]
[Black "Clemente Llamero, Roberto"]
[Result "0-1"]
[WhiteElo "1475"]
[BlackElo "2076"]
[WhiteFideId "1411578"]
[BlackFideId "2257696"]
[EventDate "2015.07.25"]

1. e4 c5 2. Nf3 d6 3. d4 cxd4 4. Nxd4 Nf6 5. Nc3 a6 6. Be2 e5 7. Nb3 Be7 8. Be3
Be6 9. O-O O-O 10. f3 Nbd7 11. Qd2 Qc7 12. Kh1 Rac8 13. Rfc1 Rfd8 14. Nd5 Bxd5
15. exd5 Nc5 16. c4 b6 17. Nxc5 dxc5 18. Bd3 g6 19. Qf2 Rb8 20. Re1 Re8 21. Bd2
Nh5 22. Rad1 Bd6 23. Bc2 b5 24. b3 Re7 25. Bc1 Rbe8 26. Qh4 Rd7 27. Re2 Rdd8 28.
Bg5 Be7 29. Bxe7 Qxe7 30. Qxe7 Rxe7 31. Rde1 f6 32. g3 Red7 33. Bd3 Ng7 34. Rd2
Ne8 35. Bc2 Rf7 36. Red1 Rfd7 0-1

[Event "6tth ch-EUR IBCA 2015"]
[Site "Lyon FRA"]
[Date "2015.07.25"]
[Round "1.26"]
[White "Rositsan, Boris"]
[Black "Antonic, Nenad"]
[Result "1-0"]
[WhiteTitle "FM"]
[WhiteElo "2051"]
[BlackElo "1450"]
[WhiteFideId "12802158"]
[BlackFideId "20601506"]
[EventDate "2015.07.25"]

1. e4 c6 2. d4 d5 3. e5 Bf5 4. g4 Bd7 5. Nc3 e6 6. a3 Qc7 7. Be3 c5 8. f4 h6 9.
dxc5 Bxc5 10. Nb5 Qb6 11. Nd6+ Kf8 12. Bxc5 Qxc5 13. Qd2 Qc7 14. Qb4 Nc6 15.
Qxb7 Qxb7 16. Nxb7 Bc8 17. Nc5 Nge7 18. h4 a5 19. O-O-O g6 20. Bb5 Kg7 21. Nf3 1-0

[Event "6tth ch-EUR IBCA 2015"]
[Site "Lyon FRA"]
[Date "2015.07.25"]
[Round "1.27"]
[White "L'herbon De Lussats, Jean"]
[Black "Mlacnik, Franc"]
[Result "0-1"]
[WhiteElo "1416"]
[BlackElo "2048"]
[WhiteFideId "20652194"]
[BlackFideId "14601923"]
[EventDate "2015.07.25"]

1. d4 Nf6 2. c4 e5 3. dxe5 Ng4 4. Nf3 Bc5 5. e3 Nc6 6. b3 Ngxe5 7. Bb2 d6 8.
Nbd2 Bf5 9. Nb1 Bb4+ 10. Nbd2 Nd3+ 11. Bxd3 Bxd3 12. Nd4 Qg5 13. g3 d5 14. a3
Bxd2+ 15. Qxd2 dxc4 16. bxc4 Bxc4 17. Nxc6 bxc6 18. O-O-O Qd5 19. Qd4 Qxd4 20.
Rxd4 Be6 21. f4 O-O 22. Kd2 c5 23. Rd3 c4 24. Rd4 c5 25. Rd6 Rfd8 26. Rxd8+
Rxd8+ 27. Kc3 Rd3+ 28. Kc2 Rxe3 29. Rd1 h5 30. Rd8+ Kh7 31. Ra8 Re2+ 32. Kc3 Bf5
33. Rxa7 Rc2# 0-1

[Event "6tth ch-EUR IBCA 2015"]
[Site "Lyon FRA"]
[Date "2015.07.25"]
[Round "1.28"]
[White "Hervais, Adrien"]
[Black "Le Brun, Yves"]
[Result "1-0"]
[WhiteElo "2029"]
[BlackElo "1396"]
[WhiteFideId "612294"]
[BlackFideId "20652178"]
[EventDate "2015.07.25"]

1. e4 e5 2. Nc3 Nf6 3. f4 d5 4. fxe5 Nxe4 5. d3 Nc5 6. Nf3 Be7 7. Be3 c6 8. Be2
Ne6 9. d4 Nd7 10. O-O Ndf8 11. Qe1 Ng6 12. Qf2 O-O 13. Bd3 Qe8 14. Ne2 f6 15.
Qg3 f5 16. Nd2 Nh4 17. Nf4 Nxf4 18. Bxf4 Be6 19. Bg5 Ng6 20. Qe3 Rf7 21. Bxe7
Qxe7 22. Qe2 Raf8 23. c3 h6 24. Qh5 Kh7 25. Rf2 Qh4 26. Qf3 Qg4 27. Qxg4 fxg4
28. Re2 Bf5 29. Bxf5 Rxf5 30. Nf1 Nf4 31. Re3 g6 32. Ng3 R5f7 33. Rf1 Kg7 34.
Rfe1 Ne6 35. Rf1 h5 36. Rxf7+ Rxf7 37. Nh1 Rf4 38. Nf2 Kf7 39. Kf1 Ng5 40. Ke2
Ke6 41. Nd3 Rf7 42. Nc5+ Kf5 43. e6 Re7 44. Re5+ 1-0